|
|
|
|
| LEADER |
02911njm a2200745 a 4500 |
| 001 |
000266795 |
| 003 |
CZ BrMZK |
| 005 |
19950101143423.0 |
| 008 |
950101s1993 xr f cze d |
| 028 |
0 |
3 |
|a 11 1742-2 301
|b Supraphon
|
| 040 |
|
|
|a BOA001
|b cze
|
| 080 |
|
|
|a 784.4(086.7)
|2 MRF
|
| 245 |
0 |
0 |
|a Hity 1960
|h [zvukový záznam]
|
| 246 |
3 |
3 |
|a Sedmimílové boty
|
| 246 |
3 |
3 |
|a Sluníčko
|
| 246 |
3 |
3 |
|a Souvenirs
|
| 246 |
3 |
3 |
|a Tys to hochu všechno spískal
|
| 246 |
3 |
3 |
|a V ten den, kdy se vrátí déšť
|
| 246 |
3 |
3 |
|a Ven
|
| 246 |
3 |
3 |
|a Vám
|
| 246 |
3 |
3 |
|a Včera neděle byla
|
| 246 |
3 |
3 |
|a Červená aerovka
|
| 246 |
3 |
3 |
|a Ať hudba dále zní
|
| 246 |
3 |
3 |
|a Diana
|
| 246 |
3 |
3 |
|a Dáme si do bytu
|
| 246 |
3 |
3 |
|a Hluboká vráska
|
| 246 |
3 |
3 |
|a Kdo chce lásku dát
|
| 246 |
3 |
3 |
|a Klokočí
|
| 246 |
3 |
3 |
|a Mackie Messer
|
| 246 |
3 |
3 |
|a Malá černá kočička
|
| 246 |
3 |
3 |
|a Marnivá sestřenice
|
| 246 |
3 |
3 |
|a Mr. Blue
|
| 246 |
3 |
3 |
|a Pramínek vlasů
|
| 246 |
3 |
3 |
|a Páni kluci
|
| 246 |
3 |
3 |
|a Pět strun
|
| 260 |
|
|
|a Praha :
|b Supraphon,
|c p1993
|
| 300 |
|
|
|a 1 CD :
|b mono, AAD ;
|c 12 cm +
|e 1 brožura [8 s.].
|
| 500 |
|
|
|a Durata neuv
|
| 500 |
|
|
|a Nahr. 1960
|
| 505 |
2 |
|
|a Souvenirs, Malá černá kočička, Páni kluci...[et al.]
|
| 511 |
0 |
|
|a Jarmila Veselá, zpěv; Jiří Popper, zpěv; Jiří Suchý, zpěv...[et al.]. Orchestr Karla Vlacha; Orchehstr divadla Semafor; Orchestr Ferdinanda Havlíka...[et al.]
|
| 653 |
0 |
|
|a populární hudba
|a populární písně
|
| 700 |
1 |
|
|a Vlach, Karel,
|d 1911-1986
|7 jn20000402552
|4 cnd
|
| 700 |
1 |
|
|a Zíma, Josef,
|d 1932-2025
|7 jn19990210845
|4 prf
|
| 700 |
1 |
|
|a Adam, Richard,
|d 1930-2017
|7 jn20000728001
|4 prf
|
| 700 |
1 |
|
|a Chladil, Milan,
|d 1931-1984
|7 jn19990009854
|4 prf
|
| 700 |
1 |
|
|a Filipovská, Pavlína,
|d 1941-
|7 jn19981001127
|4 prf
|
| 700 |
1 |
|
|a Havlík, Ferdinand,
|d 1928-2013
|7 jn19990209218
|4 cnd
|
| 700 |
1 |
|
|a Krautgartner, Karel,
|d 1922-1982
|7 jk01063097
|4 cnd
|
| 700 |
1 |
|
|a Matuška, Waldemar,
|d 1932-2009
|7 jk01080863
|4 prf
|
| 700 |
1 |
|
|a Popper, Jiří,
|d 1930-2013
|7 mzk2006353969
|4 prf
|
| 700 |
1 |
|
|a Pálová-Vrbová, Zuzana,
|d 1932-
|7 jk01091618
|4 prf
|
| 700 |
1 |
|
|a Simonová, Yvetta,
|d 1928-
|7 jn20000402214
|4 prf
|
| 700 |
1 |
|
|a Suchý, Jiří,
|d 1931 říjen 1.-
|7 jk01121734
|4 prf
|
| 700 |
1 |
|
|a Vašíček, Jiří,
|d 1933-2001
|7 jo2001100032
|4 prf
|
| 700 |
1 |
|
|a Veselá, Jarmila,
|d 1933-2017
|7 mzk2002163925
|4 prf
|
| 710 |
2 |
|
|a Orchestr Karla Krautgartnera
|7 ko2003171956
|4 prf
|
| 710 |
2 |
|
|a Orchestr Karla Vlacha
|7 kn20010710270
|4 prf
|
| 710 |
2 |
|
|a Divadlo Semafor.
|b Orchestr
|7 mzk2003190643
|4 prf
|
| 710 |
2 |
|
|a Orchestr Ferdinanda Havlíka
|7 mzk2003205873
|4 prf
|
| 710 |
2 |
|
|a Orchestr Gustava Broma
|7 kn20010710268
|4 prf
|
| 910 |
|
|
|a BOA001
|b CD-0001.895
|
| 964 |
|
|
|a Hudba populární
|z stol.20.,léta 60.
|x CD
|
| 990 |
|
|
|a AV
|
| 996 |
6 |
|
|b 261H001928
|c CD-0001.895
|l MZK
|r Sklad / do 24 hodin
|n 0
|w 000266795
|u 000010
|a 1
|e BOA001
|j MZK50
|s P
|